| Tag |
First Indicator |
Second Indicator |
Subfields |
| LEADER |
00000cam a2200000 i 4500 |
| 001 |
in00002052607 |
| 005 |
20211202203141.0 |
| 006 |
m o d f |
| 007 |
cr gn||||||||| |
| 008 |
050324s2001 ksuab ob f000 0 eng c |
| 035 |
|
|
|a (OCoLC)ocm58592881
|
| 042 |
|
|
|a pcc
|
| 043 |
|
|
|a n-us-ms
|
| 040 |
|
|
|a GPO
|b eng
|e rda
|e pn
|c GPO
|d OCL
|d OCLCA
|d SYB
|d OCLCA
|d OCLCQ
|d OCLCF
|d OCLCQ
|d OCL
|d OCLCQ
|d GILDS
|d OCLCO
|d GPO
|d MvI
|
| 049 |
|
|
|a WWW
|
| 050 |
|
4 |
|a E475.27
|b .G33 2001
|
| 074 |
|
|
|a 0359-C-09 (online)
|
| 086 |
0 |
|
|a D 110.17:V 66
|z D 110.2:V 66/2
|
| 100 |
1 |
|
|a Gabel, Christopher R.
|q (Christopher Richard),
|d 1954-
|e author.
|
| 245 |
1 |
0 |
|a Staff ride handbook for the Vicksburg campaign, December 1862-July 1863 /
|c Christopher R. Gabel and the Staff Ride Team, Combat Studies Institute.
|
| 264 |
|
1 |
|a Fort Leavenworth, Kansas :
|b Combat Studies Institute, U.S. Army Command and General Staff College,
|c 2001.
|
| 300 |
|
|
|a 1 online resource (x, 225 pages) :
|b illustrations, maps
|
| 336 |
|
|
|a text
|b txt
|2 rdacontent
|
| 337 |
|
|
|a computer
|b c
|2 rdamedia
|
| 338 |
|
|
|a online resource
|b cr
|2 rdacarrier
|
| 500 |
|
|
|a "June 2001"--Foreword.
|
| 504 |
|
|
|a Includes bibliographical references (pages 215-225).
|
| 588 |
|
|
|a Description based on online resource; title from PDF title page (Combined Arms Center website, viewed Apr. 5, 2018).
|
| 611 |
2 |
7 |
|a Siege of Vicksburg (Mississippi : 1863)
|2 fast
|0 (OCoLC)fst01354956
|
| 650 |
|
0 |
|a Staff rides
|z Mississippi
|z Vicksburg.
|
| 651 |
|
0 |
|a Vicksburg (Miss.)
|x History
|y Siege, 1863.
|
| 651 |
|
0 |
|a Vicksburg National Military Park (Miss.)
|v Guidebooks.
|
| 650 |
|
7 |
|a Staff rides.
|2 fast
|0 (OCoLC)fst01131290
|
| 651 |
|
7 |
|a Mississippi
|z Vicksburg.
|2 fast
|0 (OCoLC)fst01204951
|
| 651 |
|
7 |
|a Mississippi
|z Vicksburg National Military Park.
|2 fast
|0 (OCoLC)fst01242495
|
| 648 |
|
7 |
|a 1863
|2 fast
|
| 655 |
|
7 |
|a Guidebooks.
|2 fast
|0 http://id.worldcat.org/fast/1423871
|
| 655 |
|
7 |
|a History.
|2 fast
|0 http://id.worldcat.org/fast/1411628
|
| 655 |
|
7 |
|a Guidebooks.
|2 lcgft
|
| 710 |
2 |
|
|a Combat Studies Institute (U.S.).
|b Staff Ride Team,
|e issuing body.
|
| 776 |
0 |
8 |
|i Print version:
|a Gabel, Christopher R. (Christopher Richard), 1954-
|t Staff ride handbook for the Vicksburg Campaign, December 1862-July 1863
|h x, 225 p.
|w (OCoLC)47296103
|
| 856 |
4 |
0 |
|u https://purl.fdlp.gov/GPO/LPS59175
|t 0
|
| 999 |
f |
f |
|s 5d030bb8-3385-3c92-bab0-4bf3e61493d1
|i c76c0d0a-41fc-3cfc-8c41-163b5ff6b1cf
|t 0
|
| 952 |
f |
f |
|a Texas A&M University
|b College Station
|c Electronic Resources
|d Available Online
|t 0
|e D 110.2:V 66/2
|h Superintendent of Documents classification
|
| 998 |
f |
f |
|a D 110.2:V 66/2
|t 0
|l Available Online
|